Classical and quantum nonlinear integrable systems : theory and applications /

Covering both classical and quantum models, nonlinear integrable systems are of considerable theoretical and practical interest, with applications over a wide range of topics, including water waves, pin models, nonlinear optics, correlated electron systems, plasma physics, and reaction-diffusion pro...

Full description

Bibliographic Details
Corporate Author: Taylor & Francis
Other Authors: Kundu, A. (Anjan) (Editor)
Format: eBook
Language:English
Published: London : Routledge, 2019.
Series:Series in mathematical and computational physics.
Subjects:
Online Access:Connect to the full text of this electronic book

MARC

Tag First Indicator Second Indicator Subfields
LEADER 00000cam a2200000 i 4500
001 in00005527770
006 m o d
007 cr cnu---unuuu
008 190425s2019 enk ob 001 0 eng d
005 20241111204725.1
035 |a (OCoLC)on1098275232 
040 |a N$T  |b eng  |e rda  |e pn  |c N$T  |d N$T  |d TYFRS  |d EBLCP  |d OCLCF  |d OCLCQ  |d K6U  |d OCLCO  |d OCLCQ  |d OCLCO  |d OCLCQ  |d OCLCO  |d OCLCL 
019 |a 1099350487 
020 |a 9780429137891  |q (electronic bk.) 
020 |a 0429137893  |q (electronic bk.) 
020 |a 9781420034615 
020 |a 1420034618 
020 |a 9780429539749 
020 |a 0429539746 
020 |a 9780429525049 
020 |a 0429525044 
020 |z 9780750309592 
035 |a (OCoLC)1098275232  |z (OCoLC)1099350487 
037 |a 9780429137891  |b Taylor & Francis 
050 4 |a QC20.7.N6  |b C53 2019 
072 7 |a SCI  |x 024000  |2 bisacsh 
072 7 |a SCI  |x 041000  |2 bisacsh 
072 7 |a SCI  |x 055000  |2 bisacsh 
072 7 |a PHU  |2 bicssc 
082 0 4 |a 530.1553  |2 23 
049 |a TXAM 
245 0 0 |a Classical and quantum nonlinear integrable systems :  |b theory and applications /  |c edited by A Kundu. 
264 1 |a London :  |b Routledge,  |c 2019. 
300 |a 1 online resource 
336 |a text  |b txt  |2 rdacontent 
337 |a computer  |b c  |2 rdamedia 
338 |a online resource  |b cr  |2 rdacarrier 
490 1 |a Series in mathematical and computational physics 
588 0 |a Online resource; title from PDF title page (EBSCO, viewed April 26, 2019) 
504 |a Includes bibliographical references and index. 
520 |a Covering both classical and quantum models, nonlinear integrable systems are of considerable theoretical and practical interest, with applications over a wide range of topics, including water waves, pin models, nonlinear optics, correlated electron systems, plasma physics, and reaction-diffusion processes. Comprising one part on classical theories 
650 0 |a Nonlinear theories. 
650 6 |a Théories non linéaires. 
650 7 |a SCIENCE  |x Energy.  |2 bisacsh 
650 7 |a SCIENCE  |x Mechanics  |x General.  |2 bisacsh 
650 7 |a SCIENCE  |x Physics  |x General.  |2 bisacsh 
650 7 |a Nonlinear theories  |2 fast 
655 7 |a Electronic books.  |2 local 
700 1 |a Kundu, A.  |q (Anjan),  |e editor.  |1 https://id.oclc.org/worldcat/entity/E39PCjwQfB4hKbgQQxqtcVHPV3 
710 2 |a Taylor & Francis 
758 |i has work:  |a Classical and quantum nonlinear integrable systems (Text)  |1 https://id.oclc.org/worldcat/entity/E39PCGGBDBcX6bGVMMm8DvpyYd  |4 https://id.oclc.org/worldcat/ontology/hasWork 
776 0 8 |i Print version:  |a Kundu, A.  |t Classical and Quantum Nonlinear Integrable Systems : Theory and Application.  |d London : CRC Press LLC, ©2019  |z 9780750309592 
830 0 |a Series in mathematical and computational physics. 
856 4 0 |u http://proxy.library.tamu.edu/login?url=https://www.taylorfrancis.com/books/9780429137891  |z Connect to the full text of this electronic book  |t 0 
955 |a Taylor and Francis MATHnetBASE 
994 |a 92  |b TXA 
999 f f |s d5feea22-9b0b-4b03-bae4-cc19ec95618c  |i 781ecb1d-3a9f-448f-ba86-93b36bc6ebcd  |t 0 
952 f f |a Texas A&M University  |b College Station  |c Electronic Resources  |d Available Online  |t 0  |e QC20.7.N6 C53 2019  |h Library of Congress classification 
998 f f |a QC20.7.N6 C53 2019  |t 0  |l Available Online